|
|
|
|
| LEADER |
00917nam a22002417a 4500 |
| 001 |
AAL7016 |
| 003 |
BD-DhAAL |
| 005 |
20160123184026.0 |
| 008 |
160123s 2005us a|||| b||| 001 0 eng d |
| 020 |
|
|
|a 0131901168
|
| 040 |
|
|
|a BD-DhAAL
|c BD-DhAAL
|
| 082 |
|
|
|a 551
|
| 245 |
|
|
|a Prentice Hall earth science /
|c Jan Jenner ...[at...al.].
|
| 260 |
|
|
|a Boston :
|b Pearson Prentice Hall,
|c 2005.
|
| 300 |
|
|
|a xxii, 858 p. :
|b ill. ;
|c 28 cm.
|
| 490 |
|
|
|a Prentice Hall science explorer.
|
| 504 |
|
|
|6 Includes bibliography and index.
|
| 541 |
|
|
|e 7016
|
| 650 |
|
|
|a Earth (Planet)
|x Study and teaching (Middle school)
|9 17519
|
| 650 |
|
|
|a Earth sciences
|x Study and teaching (Middle school)
|9 17520
|
| 942 |
|
|
|2 ddc
|c BK
|
| 999 |
|
|
|c 36665
|d 36665
|
| 952 |
|
|
|0 0
|1 0
|2 ddc
|4 0
|6 551_000000000000000_PRE
|7 0
|9 57674
|a SCL
|b SCL
|c GEN
|d 2016-01-23
|e Gift: The Asia Foundation
|l 2
|o 551 PRE
|p 3020007016
|r 2024-03-27
|s 2024-03-19
|t 1
|w 2016-01-23
|y BK
|